Where does the Mountain Hare live? Quiz Stats

 Plays Quiz not verified by Sporcle

Support Sporcle.
Go Orange.
Score 0/24 Timer 07:00
0 Plays Today
% Correct
UK
100%
France
94.7%
Finland
94.7%
Germany
94.7%
Norway
94.7%
Russia
94.7%
Austria
89.5%
Italy
89.5%
Sweden
89.5%
China
84.2%
Switzerland
84.2%
Ireland
78.9%
% Correct
Poland
78.9%
Ukraine
78.9%
Denmark
78.9%
Belarus
68.4%
Estonia
68.4%
Kazakhstan
68.4%
Latvia
68.4%
Lithuania
68.4%
Mongolia
68.4%
Slovenia
68.4%
Liechtenstein
63.2%
Japan
57.9%

You're not logged in!

Compare scores with friends on all Sporcle quizzes.
OR
Log In

From the Vault

More Vowels Asian Countries

by alinrotundu

Hey! Save some vowels for the rest of us.
Remove Ads.
Support Sporcle.
Get the best of Sporcle when you Go Orange. This ad-free experience offers more features, more stats, and more fun while also helping to support Sporcle. Thank you for becoming a member.

Show Comments

Extras

Top Quizzes Today


Score Distribution

Your Account Isn't Verified!

In order to create a playlist on Sporcle, you need to verify the email address you used during registration. Go to your Sporcle Settings to finish the process.

Report this User

Report this user for behavior that violates our Community Guidelines.

Details: